| 000 | 00560nam a2200145 a 4500 | ||
|---|---|---|---|
| 008 | 120416s1980 ||||||||||||||||| || u | ||
| 050 | _aHF 5686.R3 Wil | ||
| 100 | _aWiley, Robert J | ||
| 245 | 1 | 0 | _aReal estate accounting and mathematics handbook |
| 260 |
_aNew York _bJohn Wiley and Sons _c1980 |
||
| 300 | _axxiv, 310p. : ill. | ||
| 350 | _a0.00 | ||
| 650 | 0 | _aACCOUNTING--HANDBOOKS, MANUALS, ETC | |
| 995 |
_D0.00 _FCBU-MAIN LIBRARY (Kitwe) _H1 _I0.00 _M1 _UAVAILABLE _ZMain Library Open Access Collection |
||
| 999 |
_c55693 _d55693 |
||